Ekonomický styl myšlení

Guardado en:
Detalles Bibliográficos
Autor principal: Heyne, Paul
Formato: Libro
Lenguaje:checo
Publicado: Praha VŠE 1991
Edición:1. vyd.
Materias:
Etiquetas: Agregar Etiqueta
Sin Etiquetas, Sea el primero en etiquetar este registro!

MARC

LEADER 00000nam a2200000 4500
001 c000279
005 20221214093509.5
020 |a 80-7079-781-9 
041 0 |a cze 
044 |a CZ 
245 1 0 |a Ekonomický styl myšlení  |c Paul Heyne 
250 |a 1. vyd. 
264 1 |a Praha  |b VŠE  |c 1991 
300 |a 509 s. 
610 2 0 |a vedomie ekonomické 
610 2 0 |a dopyt 
610 2 0 |a ponuka 
610 2 0 |a rozhodovanie 
610 2 0 |a informácie ekonomické 
610 2 0 |a ceny 
610 2 0 |a monopoly 
610 2 0 |a konkurencia 
610 2 0 |a politika hospodárska 
610 2 0 |a mechanizmus trhový 
610 2 0 |a inflácia 
610 2 0 |a nezamestnanosť 
610 2 0 |a monetarizmus 
610 2 0 |a keynesizmus 
610 2 0 |a obchod medzinárodný 
610 2 0 |a dôchodok národný 
100 1 |a Heyne, Paul